000 00413nam a2200145Ia 4500
008 151213s9999 xx 000 0 und d
100 _aProdip V. Mehta
245 _aAn Introduction to Reality Control for the Approved Industry
_cProdip V. Mehta
260 _aNew York
_bA S Q C Quality Press
_c1992
300 _a7445 p.
650 _aTextiles
650 _aTextiles
700 _aProdip V. Mehta
999 _c3964
_d3964